[Event "AUT-chT2W 2122"]
[Site "Austria"]
[Date "2021.10.16"]
[Round "2.5"]
[White "Natter, Markus"]
[Black "Weidel, Albrecht"]
[Result "1/2-1/2"]
[WhiteElo "2001"]
[BlackElo "2167"]
[PlyCount "59"]
[EventDate "2021.10.15"]
[EventType "team-tourn"]
[EventRounds "11"]
[EventCountry "AUT"]
[SourceTitle "CBM 204 Extra"]
[Source "ChessBase"]
[SourceDate "2021.11.30"]
[SourceVersion "1"]
[SourceVersionDate "2021.11.30"]
[SourceQuality "1"]
[WhiteTeam "Lustenau"]
[BlackTeam "Hoerbranz"]
[WhiteTeamCountry "AUT"]
[BlackTeamCountry "AUT"]

1. e4 e5 2. Nf3 Nc6 3. Bc4 Bc5 4. c3 Nf6 5. d3 d6 6. Nbd2 Bb6 7. 0-0 0-0 8. h3 Ne7 9. Re1 Ng6 10. Nf1 Be6 11. Bb3 Nh5 12. Bg5 Qd7 13. Nxe5 Nxe5 14. Qxh5 Nxd3 15. Re2 Bxb3 16. axb3 Qb5 17. Ng3 Qxb3 18. Nf5 Nxf2 19. Kh2 Qe6 20. Qf3 Rfe8 21. Rae1 h6 22. Bh4 g6 23. Nd4 Bxd4 24. cxd4 Nxh3 25. gxh3 g5 26. Bg3 f6 27. Kg2 a5 28. d5 Qf7 29. Rf1 Rf8 30. Qf5 1/2-1/2

[Event "Bodensee op"]
[Site "Bregenz"]
[Date "2018.05.07"]
[Round "3"]
[White "Weidel, Albrecht"]
[Black "Dittmar, Peter"]
[Result "1/2-1/2"]
[WhiteElo "2096"]
[BlackElo "2290"]
[PlyCount "59"]
[EventDate "2018.05.05"]
[EventType "swiss"]
[EventRounds "9"]
[EventCountry "AUT"]
[SourceTitle "CBM 184 Extra"]
[Source "ChessBase"]
[SourceDate "2018.06.28"]
[SourceVersion "1"]
[SourceVersionDate "2018.06.28"]
[SourceQuality "1"]

1. d4 Nf6 2. c4 e6 3. Nf3 d5 4. cxd5 exd5 5. Nc3 c6 6. Qc2 g6 7. Bg5 Be7 8. e3 Bf5 9. Bd3 Bxd3 10. Qxd3 Nbd7 11. 0-0 h6 12. Bf4 Nh5 13. Be5 0-0 14. Rab1 a5 15. a3 a4 16. Qc2 Qa5 17. Rbd1 Kh7 18. e4 dxe4 19. Nxe4 Nhf6 20. Ng3 Qd5 21. Rfe1 Rfe8 22. h4 h5 23. Nf5 Bf8 24. Ne3 Qb5 25. Nc4 Nd5 26. Ng5+ Kg8 27. Ne4 Re6 28. Ng5 Ree8 29. Ne4 Re6 30. Ng5 1/2-1/2

[Event "Wiesbaden op 29th"]
[Site "Wiesbaden"]
[Date "2017.08.25"]
[Round "3"]
[White "Weidel, Albrecht"]
[Black "Donchenko, Anatoly G"]
[Result "0-1"]
[WhiteElo "2108"]
[BlackElo "2291"]
[PlyCount "86"]
[EventDate "2017.08.24"]
[EventType "swiss"]
[EventRounds "7"]
[EventCountry "GER"]
[SourceTitle "CBM 180 Extra"]
[Source "ChessBase"]
[SourceDate "2017.10.06"]
[SourceVersion "1"]
[SourceVersionDate "2017.10.06"]
[SourceQuality "1"]

1. d4 d5 2. c4 dxc4 3. Nf3 a6 4. a4 Nf6 5. e3 e6 6. Bxc4 c5 7. 0-0 Nc6 8. dxc5 Bxc5 9. Qe2 Qc7 10. Nc3 0-0 11. b3 b6 12. Bb2 Bb7 13. Rfd1 Na5 14. e4 Ng4 15. Rf1 Nc6 16. g3 Rfd8 17. Rad1 Rxd1 18. Nxd1 Nge5 19. Ne3 Nxf3+ 20. Qxf3 Bd4 21. Qe2 Bxb2 22. Qxb2 Ne5 23. f3 Rd8 24. Kg2 g5 25. h3 Qc5 26. Ng4 Nxg4 27. hxg4 b5 28. axb5 axb5 29. Be2 Qe3 30. Rd1 Rxd1 31. Bxd1 b4 32. Be2 h6 33. Bc4 h5 34. Qe5 hxg4 35. Qb8+ Kg7 36. Qxb7 Qxf3+ 37. Kh2 Qf2+ 38. Kh1 Qxg3 39. Qxb4 Qf3+ 40. Kg1 Qe3+ 41. Kh2 g3+ 42. Kh3 g4+ 43. Kh4 g2 0-1

[Event "Wiesbaden op 29th"]
[Site "Wiesbaden"]
[Date "2017.08.24"]
[Round "1"]
[White "Weidel, Albrecht"]
[Black "Reitz, Theresa"]
[Result "1-0"]
[WhiteElo "2108"]
[BlackElo "1719"]
[PlyCount "39"]
[EventDate "2017.08.24"]
[EventType "swiss"]
[EventRounds "7"]
[EventCountry "GER"]
[SourceTitle "CBM 180 Extra"]
[Source "ChessBase"]
[SourceDate "2017.10.06"]
[SourceVersion "1"]
[SourceVersionDate "2017.10.06"]
[SourceQuality "1"]

1. d4 Nf6 2. Nf3 g6 3. c4 Bg7 4. Nc3 d5 5. cxd5 Nxd5 6. e4 Nxc3 7. bxc3 0-0 8. Be2 c5 9. Rb1 Nc6 10. d5 Bxc3+ 11. Bd2 Bxd2+ 12. Qxd2 Nb8 13. h4 h5 14. Qh6 Qa5+ 15. Kf1 Qxa2 16. Re1 f6 17. Qxg6+ Kh8 18. Qh6+ Kg8 19. Nd2 Nd7 20. Bc4 1-0

[Event "Rhein Main op-A 20th"]
[Site "Bad Homburg"]
[Date "2017.06.15"]
[Round "2"]
[White "Kunin, Vitaly L"]
[Black "Weidel, Albrecht"]
[Result "1-0"]
[WhiteElo "2562"]
[BlackElo "2116"]
[PlyCount "91"]
[EventDate "2017.06.14"]
[EventType "swiss"]
[EventRounds "7"]
[EventCountry "GER"]
[SourceTitle "EXT 2018"]
[Source "ChessBase"]
[SourceDate "2017.10.13"]
[SourceVersion "1"]
[SourceVersionDate "2017.10.13"]
[SourceQuality "1"]

1. d4 Nf6 2. c4 c5 3. d5 e6 4. Nc3 exd5 5. cxd5 d6 6. Nf3 g6 7. Bf4 a6 8. a4 Bg7 9. h3 0-0 10. e3 Re8 11. Bd3 Nh5 12. Bh2 Nd7 13. 0-0 Ne5 14. Be2 Nxf3+ 15. Bxf3 Nf6 16. a5 b5 17. axb6 Qxb6 18. Qa4 Bd7 19. Qc4 Red8 20. Ra2 Bb5 21. Qb3 Ne8 22. Rfa1 Nc7 23. Na4 Qa7 24. Nc3 Qb6 25. Bg3 h6 26. h4 h5 27. Ne4 Rab8 28. Bf4 Ne8 29. Rc1 Nf6 30. Nd2 Ne8 31. Qa3 Bf6 32. Bg3 Qc7 33. Ne4 Qe7 34. Nxf6+ Qxf6 35. e4 Rb7 36. Qa5 Rdb8 37. Qe1 Re7 38. Qd2 Rb6 39. Ra5 Reb7 40. e5 dxe5 41. Re1 Nd6 42. Qc3 Nf5 43. Bxe5 Qxh4 44. Qxc5 Bd7 45. Bc3 Rb5 46. Qc8+ 1-0

[Event "Bodensee op"]
[Site "Bregenz"]
[Date "2017.05.22"]
[Round "3"]
[White "Welling, Gerard J"]
[Black "Weidel, Albrecht"]
[Result "1-0"]
[WhiteElo "2307"]
[BlackElo "2134"]
[PlyCount "83"]
[EventDate "2017.05.20"]
[EventType "swiss"]
[EventRounds "9"]
[EventCountry "AUT"]
[SourceTitle "CBM 178 Extra"]
[Source "ChessBase"]
[SourceDate "2017.06.22"]
[SourceVersion "1"]
[SourceVersionDate "2017.06.22"]
[SourceQuality "1"]

1. d4 Nf6 2. Nf3 c5 3. e3 g6 4. c4 Bg7 5. Nc3 0-0 6. Be2 d5 7. dxc5 dxc4 8. Qxd8 Rxd8 9. Bxc4 Nbd7 10. c6 bxc6 11. Bd2 Nb6 12. Be2 Nfd5 13. Rc1 Bg4 14. Nd1 Rac8 15. Ba6 Bxf3 16. gxf3 Rc7 17. Ba5 Rd6 18. 0-0 Rcd7 19. b3 h5 20. Re1 Kh7 21. a4 Nc7 22. Bf1 Nbd5 23. Nc3 Nxc3 24. Bxc3 Nd5 25. Ba5 Kg8 26. Red1 Bb2 27. Rc2 Bf6 28. e4 Nb6 29. Rxd6 Rxd6 30. Bb4 Rd1 31. Bc5 Rb1 32. a5 Nd7 33. Bxa7 Rxb3 34. Rxc6 Ra3 35. a6 Ne5 36. Rc8+ Kg7 37. Be2 Ra2 38. f4 Ng4 39. Bc4 Ra1+ 40. Kg2 Bh4 41. h3 Nf6 42. Bd4 1-0

[Event "Oberliga Wuerttemberg 1516"]
[Site "Wuerttemberg"]
[Date "2016.02.21"]
[Round "7.6"]
[White "Weidel, Albrecht"]
[Black "Lorscheid, Gerhard"]
[Result "1/2-1/2"]
[WhiteElo "2009"]
[BlackElo "2203"]
[PlyCount "38"]
[EventDate "2015.09.20"]
[EventType "team-tourn"]
[EventRounds "9"]
[EventCountry "GER"]
[SourceTitle "EXT 2019"]
[Source "ChessBase"]
[SourceDate "2018.10.10"]
[SourceVersion "1"]
[SourceVersionDate "2018.10.10"]
[SourceQuality "1"]
[WhiteTeam "Biberach"]
[BlackTeam "Stuttgart SF"]
[WhiteTeamCountry "GER"]
[BlackTeamCountry "GER"]

1. d4 d6 2. c4 g6 3. Nc3 Bg7 4. e4 Nc6 5. Nge2 e5 6. d5 Nce7 7. h4 Nf6 8. f3 c5 9. Be3 Bd7 10. Qd2 h5 11. Nb5 Qb8 12. b4 b6 13. Rb1 a6 14. Nbc3 Qc7 15. Nc1 0-0 16. Be2 Rfc8 17. b5 Kh7 18. Rg1 axb5 19. Nxb5 Bxb5 1/2-1/2

[Event "Oberliga Wuerttemberg 1516"]
[Site "Wuerttemberg"]
[Date "2015.10.11"]
[Round "2.7"]
[White "Weidel, Albrecht"]
[Black "Vukovic, Dusan M"]
[Result "1/2-1/2"]
[WhiteElo "2021"]
[BlackElo "2087"]
[PlyCount "67"]
[EventDate "2015.09.20"]
[EventType "team-tourn"]
[EventRounds "9"]
[EventCountry "GER"]
[SourceTitle "EXT 2019"]
[Source "ChessBase"]
[SourceDate "2018.10.10"]
[SourceVersion "1"]
[SourceVersionDate "2018.10.10"]
[SourceQuality "1"]
[WhiteTeam "Biberach"]
[BlackTeam "Jedesheim"]
[WhiteTeamCountry "GER"]
[BlackTeamCountry "GER"]

1. d4 e6 2. c4 d5 3. Nf3 Nf6 4. Nc3 Be7 5. Bg5 0-0 6. e3 Nbd7 7. Bd3 c5 8. cxd5 Nxd5 9. Bxe7 Qxe7 10. Nxd5 exd5 11. 0-0 c4 12. Bc2 b5 13. b3 Nb6 14. h3 Bb7 15. Ne5 g6 16. f4 f6 17. Ng4 Bc8 18. f5 g5 19. Qf3 Bb7 20. Rae1 Rae8 21. h4 gxh4 22. Nh6+ Kh8 23. Qh5 Qg7 24. Rf3 Re7 25. Qxh4 Qg5 26. Qxg5 fxg5 27. Ref1 Rc7 28. f6 cxb3 29. Bxb3 Nc4 30. R1f2 Bc8 31. g4 a5 32. Bc2 Nd6 33. Kg2 b4 34. Rh3 1/2-1/2

[Event "Berlin Spring op-A"]
[Site "Berlin"]
[Date "2014.05.02"]
[Round "3"]
[White "Weidel, Albrecht"]
[Black "Reichardt, Peter"]
[Result "1/2-1/2"]
[WhiteElo "2120"]
[BlackElo "1963"]
[PlyCount "48"]
[EventDate "2014.05.01"]
[EventType "swiss"]
[EventRounds "7"]
[EventCountry "GER"]
[SourceTitle "CBM 160 Extra"]
[Source "ChessBase"]
[SourceDate "2014.07.01"]
[SourceVersion "1"]
[SourceVersionDate "2014.07.01"]
[SourceQuality "1"]

1. d4 d5 2. Nf3 e6 3. c4 c5 4. e3 Nc6 5. Nc3 Nf6 6. a3 Be7 7. dxc5 Bxc5 8. b4 Bd6 9. Bb2 0-0 10. Be2 dxc4 11. Bxc4 Qe7 12. Qc2 Ne5 13. Nxe5 Bxe5 14. f4 Bb8 15. 0-0 a6 16. Rad1 b5 17. Bd3 Bb7 18. Ne4 Nxe4 19. Bxe4 Bxe4 20. Qxe4 Ba7 21. f5 Qg5 22. Rf3 exf5 23. Rxf5 Qh6 24. Bd4 Rae8 1/2-1/2

[Event "Oberliga Wuerttemberg 1112"]
[Site "Wuerttemberg"]
[Date "2012.04.15"]
[Round "9.7"]
[White "Preuss, Heiko"]
[Black "Weidel, Albrecht"]
[Result "1-0"]
[WhiteElo "2237"]
[BlackElo "2139"]
[PlyCount "120"]
[EventDate "2011.10.09"]
[EventType "team-tourn"]
[EventRounds "9"]
[EventCountry "GER"]
[SourceTitle "EXT 2019"]
[Source "ChessBase"]
[SourceDate "2018.10.10"]
[SourceVersion "1"]
[SourceVersionDate "2018.10.10"]
[SourceQuality "1"]
[WhiteTeam "Ulm Post"]
[BlackTeam "Biberach"]
[WhiteTeamCountry "GER"]
[BlackTeamCountry "GER"]

1. d4 d5 2. c4 e6 3. Nc3 Be7 4. Nf3 Nf6 5. e3 0-0 6. Bd3 c5 7. 0-0 Nc6 8. b3 b6 9. cxd5 Nxd5 10. Nxd5 Qxd5 11. Bc4 Qh5 12. dxc5 Bf6 13. Rb1 Qxc5 14. Nd2 Qf5 15. f4 h5 16. Kh1 g6 17. e4 Qc5 18. e5 Bg7 19. Ne4 Qe7 20. Bb2 Bb7 21. Qe2 Rfd8 22. Nd6 Na5 23. Ba3 Nxc4 24. bxc4 Bc6 25. Rb3 Qh4 26. Rg3 Rd7 27. Bb4 Rad8 28. Kg1 Rb8 29. Rg5 Bh6 30. Be1 Bxg5 31. Bxh4 Bxh4 32. Rc1 Be7 33. Rd1 Rbd8 34. Qd3 Bf8 35. g3 Bh6 36. Kf2 h4 37. Qe3 hxg3+ 38. Qxg3 Bf8 39. Qa3 f6 40. Qg3 g5 41. Qg4 fxe5 42. Qxe6+ Kh7 43. fxe5 Bg7 44. Rd3 g4 45. Qxg4 Rf8+ 46. Ke1 Bh6 47. Qh5 Re7 48. Rg3 Rf6 49. Nc8 Ree6 50. Rg5 Be8 51. Qh4 Rg6 52. Rf5 Rg7 53. Nd6 Bg6 54. Rg5 Rd7 55. Kf2 Rg7 56. Qh3 Rge7 57. Nf5 Bxf5 58. Qxf5+ Kh8 59. Rg6 Be3+ 60. Kf3 Rxg6 1-0

[Event "Oberliga Wuerttemberg 1112"]
[Site "Wuerttemberg"]
[Date "2011.10.09"]
[Round "1.6"]
[White "Gulde, Juergen"]
[Black "Weidel, Albrecht"]
[Result "1/2-1/2"]
[WhiteElo "2108"]
[BlackElo "2139"]
[PlyCount "129"]
[EventDate "2011.10.09"]
[EventType "team-tourn"]
[EventRounds "9"]
[EventCountry "GER"]
[SourceTitle "EXT 2019"]
[Source "ChessBase"]
[SourceDate "2018.10.10"]
[SourceVersion "1"]
[SourceVersionDate "2018.10.10"]
[SourceQuality "1"]
[WhiteTeam "Schwaebisch Gmuend"]
[BlackTeam "Biberach"]
[WhiteTeamCountry "GER"]
[BlackTeamCountry "GER"]

1. d4 d5 2. Nf3 Nf6 3. e3 c6 4. Bd3 Bg4 5. b3 e6 6. 0-0 Nbd7 7. Bb2 Bd6 8. Nbd2 0-0 9. e4 Bb4 10. e5 Nh5 11. c3 Be7 12. Qc2 g6 13. h3 Bf5 14. Kh2 Nf4 15. Bxf5 gxf5 16. g3 Ng6 17. Rg1 f6 18. exf6 Nxf6 19. Ne5 Nxe5 20. dxe5 Ne4 21. f3 Ng5 22. h4 Nf7 23. Rae1 Kh8 24. Kh3 Rg8 25. f4 Rg4 26. Nf3 Bc5 27. Rg2 Qe7 28. c4 Bb6 29. cxd5 cxd5 30. Rd1 Rgg8 31. Rxd5 Rgc8 32. Qd3 Rd8 33. Rd6 Kg8 34. Rd2 Bc5 35. Rd7 Rxd7 36. Qxd7 Re8 37. Qxe7 Rxe7 38. Bd4 Bb4 39. Rc2 a6 40. Rc8+ Kg7 41. Bb6 h5 42. Nd4 Nh6 43. Bd8 Rd7 44. Nxe6+ Kg6 45. Rc7 Rxc7 46. Bxc7 Ng4 47. Bb6 Be7 48. Nd4 Nf2+ 49. Kg2 Ne4 50. Ne6 Kf7 51. Nc7 Bd8 52. Nd5 Ke6 53. Bxd8 Kxd5 54. Bb6 Nc3 55. Ba5 Nb5 56. Bb6 Nc3 57. a4 Ne4 58. Ba5 Nc5 59. Bc3 Nxb3 60. Kf3 Nc5 61. a5 Ne6 62. Ke3 Ng7 63. Bd4 Ne6 64. Bb6 Ng7 65. Kd3 1/2-1/2

[Event "Wuerttemberg-ch MT"]
[Site "Lauffen am Neckar"]
[Date "2011.09.02"]
[Round "7"]
[White "Gibicar, Danijel"]
[Black "Weidel, Albrecht"]
[Result "0-1"]
[WhiteElo "2050"]
[BlackElo "2157"]
[PlyCount "76"]
[EventDate "2011.08.27"]
[EventType "swiss"]
[EventRounds "9"]
[EventCountry "GER"]
[SourceTitle "EXT 2017"]
[Source "ChessBase"]
[SourceDate "2016.10.25"]
[SourceVersion "1"]
[SourceVersionDate "2016.10.25"]
[SourceQuality "1"]

1. d4 Nf6 2. c4 e6 3. g3 Bb4+ 4. Bd2 Bxd2+ 5. Qxd2 d5 6. Bg2 Nbd7 7. Nf3 c6 8. 0-0 b6 9. Rc1 Bb7 10. cxd5 cxd5 11. Nc3 0-0 12. Nb5 a6 13. Nd6 Qb8 14. Qb4 a5 15. Qa3 Ba6 16. Ne5 b5 17. Nexf7 Rxf7 18. Nxf7 Kxf7 19. Qxa5 b4 20. a3 b3 21. Qc3 Bxe2 22. Re1 Bc4 23. Bf1 Bxf1 24. Kxf1 Qb6 25. Rac1 Ra4 26. Red1 Rc4 27. Qd3 Qc6 28. Qe3 Ne4 29. f3 Nef6 30. Rxc4 dxc4 31. Rc1 Nd5 32. Qxb3 N7b6 33. Kg1 Qd6 34. Qc2 Ne3 35. Qe4 Nf5 36. Rd1 Nd5 37. Re1 Nf6 38. Qe5 Qb6 0-1

[Event "Wuerttemberg-ch MT"]
[Site "Lauffen am Neckar"]
[Date "2011.08.28"]
[Round "2"]
[White "Weidel, Albrecht"]
[Black "Meschke, Andreas"]
[Result "0-1"]
[WhiteElo "2157"]
[BlackElo "2168"]
[PlyCount "72"]
[EventDate "2011.08.27"]
[EventType "swiss"]
[EventRounds "9"]
[EventCountry "GER"]
[SourceTitle "EXT 2017"]
[Source "ChessBase"]
[SourceDate "2016.10.25"]
[SourceVersion "1"]
[SourceVersionDate "2016.10.25"]
[SourceQuality "1"]

1. e4 e5 2. Nf3 Nc6 3. Bc4 Bc5 4. d3 Nf6 5. Nc3 d6 6. Bg5 h6 7. Bxf6 Qxf6 8. Nd5 Qd8 9. c3 a6 10. b4 Ba7 11. a4 0-0 12. h3 Ne7 13. Nxe7+ Qxe7 14. 0-0 Bd7 15. Re1 Rad8 16. a5 Kh7 17. d4 g6 18. Qe2 c6 19. Rad1 exd4 20. cxd4 Rfe8 21. Qa2 Rf8 22. Qd2 Qf6 23. e5 dxe5 24. dxe5 Qg7 25. Qf4 Be6 26. Rxd8 Rxd8 27. Bxe6 fxe6 28. Qh4 g5 29. Qg4 Qf7 30. h4 gxh4 31. Qxh4 Rg8 32. Rd1 Qg7 33. Qh3 Qf7 34. Rd6 Rg6 35. Rxe6 Bxf2+ 36. Kh1 Qxe6 0-1

[Event "Dresden ZMD op 20th"]
[Site "Dresden"]
[Date "2011.08.11"]
[Round "6"]
[White "Weidel, Albrecht"]
[Black "Siedentopf, Daniel"]
[Result "1/2-1/2"]
[WhiteElo "2157"]
[BlackElo "2291"]
[PlyCount "30"]
[EventDate "2011.08.06"]
[EventType "swiss"]
[EventRounds "9"]
[EventCountry "GER"]
[SourceTitle "CBM 143 Extra"]
[Source "ChessBase"]
[SourceDate "2011.08.29"]
[SourceVersion "1"]
[SourceVersionDate "2011.08.29"]
[SourceQuality "1"]

1. e4 Nc6 2. Nf3 Nf6 3. Nc3 d5 4. exd5 Nxd5 5. Bc4 Nb6 6. Bb5 Bd7 7. 0-0 a6 8. Bxc6 Bxc6 9. Ne5 Qd6 10. Re1 e6 11. Qh5 g6 12. Qh4 Be7 13. Qh3 Bf8 14. Qh4 Be7 15. Qh3 Bf8 1/2-1/2

[Event "Stuttgart op"]
[Site "Gerlingen"]
[Date "2011.06.05"]
[Round "7"]
[White "Graf, Felix"]
[Black "Weidel, Albrecht"]
[Result "1-0"]
[WhiteElo "2318"]
[BlackElo "2154"]
[PlyCount "65"]
[EventDate "2011.06.02"]
[EventType "swiss"]
[EventRounds "7"]
[EventCountry "GER"]
[SourceTitle "CBM 142 Extra"]
[Source "ChessBase"]
[SourceDate "2011.06.27"]
[SourceVersion "1"]
[SourceVersionDate "2011.06.27"]
[SourceQuality "1"]

1. d4 Nf6 2. c4 e6 3. Nf3 Bb4+ 4. Bd2 Bxd2+ 5. Qxd2 0-0 6. Nc3 Qe7 7. e4 Nc6 8. e5 Ng4 9. Bd3 f5 10. h3 Nh6 11. 0-0-0 b6 12. Rhe1 Bb7 13. Bf1 a5 14. Kb1 Nf7 15. a3 Nb8 16. Ng1 Na6 17. f4 g5 18. g4 fxg4 19. Bg2 Bxg2 20. Qxg2 gxf4 21. Ne4 g3 22. Ne2 d6 23. Nxf4 dxe5 24. Qxg3+ Kh8 25. dxe5 Nh6 26. Nf6 Nf5 27. Qg4 Nc5 28. Rg1 a4 29. Qh5 Rxf6 30. exf6 Qxf6 31. Ng6+ Kg7 32. Ne5+ Kf8 33. Qxh7 1-0

[Event "Stuttgart op"]
[Site "Gerlingen"]
[Date "2011.06.02"]
[Round "2"]
[White "Weidel, Albrecht"]
[Black "Lobzhanidze, Davit"]
[Result "0-1"]
[WhiteElo "2154"]
[BlackElo "2474"]
[PlyCount "60"]
[EventDate "2011.06.02"]
[EventType "swiss"]
[EventRounds "7"]
[EventCountry "GER"]
[SourceTitle "CBM 142 Extra"]
[Source "ChessBase"]
[SourceDate "2011.06.27"]
[SourceVersion "1"]
[SourceVersionDate "2011.06.27"]
[SourceQuality "1"]

1. Nf3 Nf6 2. d4 e6 3. c4 Bb4+ 4. Nc3 b6 5. g3 Bb7 6. Bg2 0-0 7. 0-0 Bxc3 8. bxc3 d6 9. Re1 Nbd7 10. Nh4 Bxg2 11. Nxg2 d5 12. Qd3 c6 13. f3 e5 14. cxd5 cxd5 15. Ba3 Re8 16. Rad1 e4 17. Qc2 b5 18. Ne3 Nb6 19. Bc5 Nc4 20. Nxc4 bxc4 21. Qa4 h5 22. Kg2 Re6 23. Rb1 Qc8 24. Rf1 exf3+ 25. exf3 Re2+ 26. Rf2 Rxf2+ 27. Kxf2 Qf5 28. Re1 Rb8 29. Bb4 a5 30. Qxa5 Ng4+ 0-1

[Event "Oberliga Wuerttemberg 1011"]
[Site "Wuerttemberg"]
[Date "2010.11.28"]
[Round "4"]
[White "Weidel, Albrecht"]
[Black "Schmidt, Olaf"]
[Result "0-1"]
[WhiteElo "2225"]
[BlackElo "2182"]
[PlyCount "78"]
[EventDate "2010.09.26"]
[EventType "team-tourn"]
[EventRounds "9"]
[EventCountry "GER"]
[SourceTitle "EXT 2019"]
[Source "ChessBase"]
[SourceDate "2018.10.10"]
[SourceVersion "1"]
[SourceVersionDate "2018.10.10"]
[SourceQuality "1"]
[WhiteTeam "Biberach"]
[BlackTeam "Tuebingen"]
[WhiteTeamCountry "GER"]
[BlackTeamCountry "GER"]

1. d4 Nf6 2. c4 g6 3. Nc3 d5 4. cxd5 Nxd5 5. e4 Nxc3 6. bxc3 Bg7 7. Bc4 0-0 8. Ne2 Nc6 9. 0-0 b6 10. f4 Na5 11. Bd3 f5 12. Ba3 Kh8 13. Ng3 c5 14. exf5 cxd4 15. fxg6 dxc3 16. Qh5 h6 17. Rad1 Qc7 18. Qh4 Rf6 19. Nh5 Be6 20. Rde1 Nc4 21. Bxc4 Qxc4 22. Nxf6 exf6 23. Be7 Qd4+ 24. Kh1 Bd5 25. Rd1 Bxg2+ 26. Kxg2 Qe4+ 27. Kh3 Qxe7 28. f5 c2 29. Rde1 Qd7 30. Qe4 Rc8 31. Rg1 h5 32. Kh4 Bh6 33. g7+ Kg8 34. Qb4 Qf7 35. Re7 Bg5+ 36. Kh3 Qd5 37. Qe4 Qxe4 38. Rxe4 Rc3+ 39. Kg2 h4 0-1